Return to Nim's island (Record no. 90843)
[ view plain ]
| 000 -LEADER | |
|---|---|
| fixed length control field | 02013cgm a2200433Ia 4500 |
| 001 - CONTROL NUMBER | |
| control field | ocn834085510 |
| 003 - CONTROL NUMBER IDENTIFIER | |
| control field | OCoLC |
| 005 - DATE AND TIME OF LATEST TRANSACTION | |
| control field | 20241220134135.0 |
| 008 - FIXED-LENGTH DATA ELEMENTS--GENERAL INFORMATION | |
| fixed length control field | 130401s2013 xxu090 vleng d |
| 007 - PHYSICAL DESCRIPTION FIXED FIELD--GENERAL INFORMATION | |
| fixed length control field | vd cvaizu |
| 040 ## - CATALOGING SOURCE | |
| Original cataloging agency | IFK |
| Transcribing agency | IFK |
| Modifying agency | IFK |
| -- | UINTA |
| 028 41 - PUBLISHER NUMBER | |
| Publisher number | 82614WRP1 |
| Source | ARC Entertainment |
| 028 41 - PUBLISHER NUMBER | |
| Publisher number | 82614DVD1 |
| Source | ARC Entertainment |
| 035 ## - SYSTEM CONTROL NUMBER | |
| System control number | (OCoLC)834085510 |
| 049 ## - LOCAL HOLDINGS (OCLC) | |
| Holding library | UCLB |
| 092 ## - LOCALLY ASSIGNED DEWEY CALL NUMBER (OCLC) | |
| Classification number | 791.437 |
| 245 00 - TITLE STATEMENT | |
| Title | Return to Nim's island |
| Medium | [videorecording] / |
| Statement of responsibility, etc | ARC Entertainment and Walden Media present a Mazure Kaplan Company/Pictures in Paradise production ; produced by Paula Mazur, Chris Brown, and Tom Hoffie ; directed by Brendan Maher. |
| 260 ## - PUBLICATION, DISTRIBUTION, ETC. (IMPRINT) | |
| Place of publication, distribution, etc | [United States] : |
| Name of publisher, distributor, etc | Walden Media ; |
| Place of publication, distribution, etc | Santa Monica, CA : |
| Name of publisher, distributor, etc | Manufactured and distributed by ARC Entertainment, LLC, |
| Date of publication, distribution, etc | c2013. |
| 300 ## - PHYSICAL DESCRIPTION | |
| Extent | 1 videodisc (90 min.) : |
| Other physical details | sd., col. ; |
| Dimensions | 4 3/4 in. |
| 500 ## - GENERAL NOTE | |
| General note | Includes special features. |
| 508 ## - CREATION/PRODUCTION CREDITS NOTE | |
| Creation/production credits note | Directed by Brendan Maher; produced by Paula Mazur, Chris Brown, and Tom Hoffie. |
| 511 1# - PARTICIPANT OR PERFORMER NOTE | |
| Participant or performer note | Bindi Irwin, Toby Wallace, Matthew Lillard, John Waters. |
| 546 ## - LANGUAGE NOTE | |
| Language note | In English ; closed-captioned. |
| 520 ## - SUMMARY, ETC. | |
| Summary, etc | Nim is the precocious daughter of scientist father Jack. Nim, a bit older now, still has a gift to be "one with nature" and her amazing animal friends. But now that developers and poachers threaten her island, she and her dad must fight to preserve their pristine home and its abundant wildlife. |
| 538 ## - SYSTEM DETAILS NOTE | |
| System details note | DVD; region 1; widescreen; 5.1 Dolby digital. |
| 521 8# - TARGET AUDIENCE NOTE | |
| Target audience note | PG for mild peril and some rude humor. |
| 650 #0 - SUBJECT ADDED ENTRY--TOPICAL TERM | |
| Topical term or geographic name as entry element | Feature films. |
| 9 (RLIN) | 6249816 |
| 650 #0 - SUBJECT ADDED ENTRY--TOPICAL TERM | |
| Topical term or geographic name as entry element | Children's films. |
| 9 (RLIN) | 6249817 |
| 700 1# - ADDED ENTRY--PERSONAL NAME | |
| Personal name | Irwin, Bindi, |
| Dates associated with a name | 1998- |
| 9 (RLIN) | 6249818 |
| 700 1# - ADDED ENTRY--PERSONAL NAME | |
| Personal name | Wallace, Toby. |
| 9 (RLIN) | 6249819 |
| 700 1# - ADDED ENTRY--PERSONAL NAME | |
| Personal name | Lillard, Matthew, |
| Dates associated with a name | 1970- |
| 9 (RLIN) | 64011 |
| 700 1# - ADDED ENTRY--PERSONAL NAME | |
| Personal name | Waters, John Russell, |
| Dates associated with a name | 1948- |
| 9 (RLIN) | 6249820 |
| 700 1# - ADDED ENTRY--PERSONAL NAME | |
| Personal name | Maher, Brendan. |
| 9 (RLIN) | 5753954 |
| 710 2# - ADDED ENTRY--CORPORATE NAME | |
| Corporate name or jurisdiction name as entry element | Walden Media. |
| 9 (RLIN) | 69623 |
| 710 2# - ADDED ENTRY--CORPORATE NAME | |
| Corporate name or jurisdiction name as entry element | ARC Entertainment (Firm) |
| 9 (RLIN) | 5810268 |
| 942 ## - ADDED ENTRY ELEMENTS (KOHA) | |
| Koha item type | DVD |
| 994 ## - | |
| -- | C0 |
| -- | UINTA |
| 998 ## - LOCAL CONTROL INFORMATION (RLIN) | |
| -- | a159197 |
| Withdrawn status | Lost status | Source of classification or shelving scheme | Damaged status | Not for loan | Collection code | Home library | Current library | Shelving location | Date acquired | Source of acquisition | Serial Enumeration / chronology | Total Checkouts | Total Renewals | Full call number | Barcode | Date last seen | Date checked out | Cost, replacement price | Price effective from | Koha item type |
|---|---|---|---|---|---|---|---|---|---|---|---|---|---|---|---|---|---|---|---|---|
| Dewey Decimal Classification | Movies | Wasatch County Library | Wasatch County Library | Audio Visual Area | 08/28/2023 | Micromarketing | #2 Nim's Island | 8 | 9 | Movie Nim's Island | 34301002037341 | 03/06/2026 | 02/27/2026 | 14.95 | 08/28/2023 | DVD |
